000 01100nam a2200229Ia 4500
999 _c34813
_d34813
001 624
003 GE_BSU
005 20221222165737.0
008 181216s2003||||ge |||||||||||||| ||geo||
020 _a9994026135
040 _cGE_BSU
041 _ageo
080 _a347.1(075.8) კ–64
100 _aკობახიძე, ავთანდილ
_97026
245 _aსამოქალაქო საპროცესო სამართალი :
_b[დამხმ. სახელმძღვ.] /
_cავთანდილ კობახიძე ; რედ. ზ. ძლიერიშვილი.
264 _aთბილისი :
_b"საქართველოს მაცნეს" გამ-ბა და სტ.,
_c2003.
300 _a557 გვ.;
_b20 სმ.
504 _aბიბლიოგრ. ტექსტის შენიშვნ.
653 _aსამოქალაქო საპროცესო სამართალი
700 _aძლიერიშვილი, ზ.
_eრედაქტორი
_916537
942 _cBK
_2udc